[Event "Harvard-Yale m"]
[Site "USA"]
[Date "1995.??.??"]
[Round "2"]
[White "Mukharji, A."]
[Black "Bengtson, Matthew"]
[Result "1/2-1/2"]
[WhiteElo "2009"]
[BlackElo "2266"]
[PlyCount "46"]
[EventDate "1995.??.??"]
[EventType "match"]
[EventRounds "2"]
[EventCountry "USA"]
[SourceTitle "EXT 2005"]
[Source "ChessBase"]
[SourceDate "2004.11.15"]
[SourceVersion "1"]
[SourceVersionDate "2004.11.15"]
[SourceQuality "1"]

1. c4 b6 2. Nf3 Bb7 3. g3 c5 4. Bg2 Nf6 5. 0-0 g6 6. Nc3 Bg7 7. d3 0-0 8. e4 d6 9. Ng5 Nc6 10. f4 Nd7 11. Ne2 Nd4 12. Nxd4 Bxd4+ 13. Kh1 Rb8 14. f5 Bg7 15. Rf4 Nf6 16. fxg6 hxg6 17. b3 Nh5 18. Rh4 Bxa1 19. Rxh5 Bf6 20. Qg4 gxh5 21. Qxh5 Bxg5 22. Qxg5+ Kh7 23. Bh3 Bc8 1/2-1/2

[Event "Pan American Intercollegiate"]
[Site "Providence"]
[Date "1994.12.??"]
[Round "3"]
[White "Bengtson, Matthew"]
[Black "Gurevich, Ilya"]
[Result "1-0"]
[WhiteElo "2242"]
[BlackElo "2665"]
[PlyCount "101"]
[EventDate "1994.12.??"]
[EventType "swiss"]
[EventRounds "4"]
[EventCountry "USA"]
[SourceTitle "EXT 2005"]
[Source "ChessBase"]
[SourceDate "2004.11.15"]
[SourceVersion "1"]
[SourceVersionDate "2004.11.15"]
[SourceQuality "1"]

1. d4 Nf6 2. c4 g6 3. Nc3 d5 4. cxd5 Nxd5 5. e4 Nxc3 6. bxc3 Bg7 7. Be3 c5 8. Qd2 0-0 9. Rc1 Qa5 10. Nf3 Rd8 11. h3 b6 12. d5 e6 13. c4 Qxd2+ 14. Bxd2 exd5 15. exd5 Re8+ 16. Be2 Bf5 17. Be3 Bb2 18. 0-0 Bxc1 19. Rxc1 Bd7 20. Bd3 Kg7 21. Bd2 f6 22. Bc3 Kf7 23. g4 h6 24. Nh4 Rg8 25. Re1 Na6 26. Bxg6+ Rxg6 27. Nxg6 Kxg6 28. Re7 Ba4 29. f4 h5 30. f5+ Kg5 31. Bd2+ Kh4 32. Kg2 Bd1 33. Be1+ Kg5 34. Kg3 hxg4 35. hxg4 Bxg4 36. Rg7+ Kxf5 37. Rxg4 Re8 38. Rf4+ Kg6 39. Kf2 Nb4 40. Bxb4 cxb4 41. Rg4+ Kf5 42. Rg7 a5 43. Rc7 Re4 44. d6 Ke6 45. Re7+ Kxd6 46. Rxe4 Kc5 47. Ke3 b5 48. cxb5 Kxb5 49. Kd3 Ka4 50. Kc2 Ka3 51. Kb1 1-0

[Event "Pan American Intercollegiate"]
[Site "Providence"]
[Date "1994.12.??"]
[Round "4"]
[White "Maldonado, Oscar"]
[Black "Bengtson, Matthew"]
[Result "0-1"]
[WhiteElo "2280"]
[BlackElo "2242"]
[PlyCount "94"]
[EventDate "1994.12.??"]
[EventType "swiss"]
[EventRounds "4"]
[EventCountry "USA"]
[SourceTitle "EXT 2005"]
[Source "ChessBase"]
[SourceDate "2004.11.15"]
[SourceVersion "1"]
[SourceVersionDate "2004.11.15"]
[SourceQuality "1"]

1. d4 Nf6 2. c4 g6 3. Nc3 d5 4. Nf3 Bg7 5. g3 dxc4 6. Qa4+ Nfd7 7. Qxc4 0-0 8. Bg2 Nb6 9. Qd3 Nc6 10. 0-0 Nxd4 11. Nxd4 Qxd4 12. Qf3 c6 13. Rd1 Bg4 14. Qf4 Qxf4 15. Bxf4 Rfd8 16. h3 Be6 17. a4 Rxd1+ 18. Rxd1 Bxc3 19. bxc3 Nxa4 20. c4 Nc3 21. Rd2 Bxc4 22. Bf3 Bd5 23. Be5 Bxf3 24. Bxc3 Bd5 25. f3 Kf8 26. g4 Ke8 27. e4 Bc4 28. h4 a5 29. h5 b5 30. Rh2 Kd7 31. Rd2+ Ke6 32. f4 f5 33. exf5+ gxf5 34. g5 b4 35. Be5 Rg8 36. g6 Bd5 37. Kf2 h6 38. Rc2 a4 39. Bd4 a3 40. Bc5 Rb8 41. Re2+ Be4 42. Rd2 Rb5 43. Rd8 Rxc5 44. g7 Rc2+ 45. Ke3 Rg2 46. g8Q+ Rxg8 47. Rxg8 b3 0-1